Comunicaciones de la organización /

El libro presenta las principales teorías acerca de la comunicación humana, los medios masivos, las redes sociales, el marketing, la publicidad, las relaciones públicas, la negociación, los recursos humanos y la comunicación en tiempos de crisis. Teniendo como hilo conductor las tres improbabilidade...

Full description

Bibliographic Details
Main Author: Rodríguez Mansilla, Darío
Other Authors: Opazo Bretón, Pilar
Format: Libro
Language:Spanish
Published: Santiago, Chile Pontificia Universidad Católica de Chile 2007
Edition:1a ed.
Series:Lecciones
Subjects:
Online Access:

MARC

LEADER 00000cam a2200000 a 4500
001 019129
003 UAHC_CL
005 20170803121721.0
008 111222s2007 cl 000 spa
020 |a 9789561409453 
040 |a UAHC_CL  |c UAHC_CL  |d UAHC_CL 
082 0 4 |a 658.45  |b R696  |2 21 
100 1 |a Rodríguez Mansilla, Darío 
245 1 0 |a Comunicaciones de la organización /  |c Darío Rodríguez M., María Pilar Opazo B., con la colaboración de René Ríos F. 
250 |a 1a ed. 
260 |b Pontificia Universidad Católica de Chile  |a Santiago, Chile  |c 2007 
300 |a 661 p. 
490 0 |a Lecciones 
520 |a El libro presenta las principales teorías acerca de la comunicación humana, los medios masivos, las redes sociales, el marketing, la publicidad, las relaciones públicas, la negociación, los recursos humanos y la comunicación en tiempos de crisis. Teniendo como hilo conductor las tres improbabilidades que la comunicación organizacional debe superar, recorre los diferentes frentes de la gestión mostrando así las potencialidades del novedoso enfoque desarrollado por Niklas Luhmann para estudiar los sistemas sociales. A través de una escritura clara y lúdica, con ejemplos de casos del contexto nacional e internacional, este es un texto ideal para profesionales de la comunicación estratégica con interés en profundizar en torno a la comunicación y especialmente en torno a la comunicación de las organizaciones. 
650 4 |a COMUNICACION ORGANIZACIONAL 
653 |a SOCIOLOGIA 
653 |a PERIODISMO 
700 1 |a Opazo Bretón, Pilar 
900 |a 658.45 ROD 
942 |c BK 
952 |0 0  |1 0  |4 0  |6 658_450000000000000_ROD  |7 0  |8 General  |9 38369  |a BC  |b BC  |c General  |d 2017-08-03  |l 3  |m 4  |o 658.45 ROD  |p 1390413  |r 2026-01-13 00:00:00  |s 2024-11-28  |t 1  |w 2017-08-03  |y BK 
999 |c 19129  |d 19129